Statystyki dla Wszyscy trenerzy, którzy wygrali ligę mistrzów w XXI wieku.

Kliknij tutaj aby rozwiązać quiz!

Ogólne statystyki

  • Ten quiz został rozwiązany 136 razy
  • Średni wynik to 17 z 21

Statystyki odpowiedzi

SezonNarodowośćKlubTrener% Poprawnych
17/18FrancjaReal MadrytZinedine Zidane
99%
16/17FrancjaReal MadrytZinedine Zidane
99%
15/16FrancjaReal MadrytZinedine Zidane
99%
18/19NiemcyLiverpoolJurgen Klopp
98%
08/09HiszpaniaFC BarcelonaPep Guardiola
97%
13/14WłochyReal MadrytCarlo Ancelotti
95%
02/03WłochyAC MilanCarlo Ancelotti
95%
06/07WłochyAC MIlanCarlo Ancelotti
95%
10/11HiszpaniaFC BarcelonaPep Guardiola
94%
03/04PortugaliaFC PortoJose Mourinho
93%
09/10PortugaliaInter MediolanJose Mourinho
93%
20/21NiemcyChelseaThomas Tuchel
89%
07/08SzkocjaManchester UnitedAlex Ferguson
88%
19/20NiemcyBayern MonachiumHansi Flick
84%
14/15HiszpaniaFC BarcelonaLuis Enrique
83%
04/05HiszpaniaLiverpoolRafa Benitez
68%
12/13NiemcyBayern MonachiumJupp Heynckes
56%
01/02HiszpaniaReal MadrytVicente del Bosque
46%
11/12WłochyChelseaRoberto Di Matteo
44%
00/01NiemcyBayern MonachiumOttmar Hitzfeld
27%
05/06HolandiaFC BarcelonaFrank Rijkaard
16%

Rozkład punktacji

Percentyl według liczby udzielonych odpowiedzi

Procent ludzi z każdym wynikiem

Twoja historia wyników

Nie rozwiązałeś tego quizu